| 000 | 00417nam a22001697a 4500 | ||
|---|---|---|---|
| 003 | CEME | ||
| 005 | 20210628203559.0 | ||
| 008 | 210201b xxu||||| |||| 00| 0 eng d | ||
| 040 | _c. | ||
| 082 | _a297 NAT | ||
| 100 |
_aYaqub Mukhtar _966368 |
||
| 245 | _aNaatain hazoor (sawaws) key | ||
| 260 |
_aLAHORE _bISLAMIC PUBLICATIONS _c2002 |
||
| 300 | _a152P | ||
| 650 |
_aISLAM-NAATAIN.NAAT _966369 |
||
| 942 |
_cBK _2ddc |
||
| 999 |
_c574343 _d574343 |
||